000 012440000a22002890004500
003 EG-GiCUC
005 20250223025634.0
008 081102s1996 ua f m 000 0 ara d
040 _aEG-GiCUC
_bara
_cEG-GiCUC
041 0 _aAra
049 _aايداع
097 _aماجستير
099 _aCai01.22.02.M.Sc.1996.را.م
100 0 _aراندا جلال حسين
245 1 0 _aمناهج التنمية المحلية في مصر /
_cراندا جلال حسين ؛ اشراف محمد طاهر الصادق : سامي امين عامر : راوية محمد عجلان
246 1 5 _aLocal development methodologies in Egypt
260 _aالقاهرة :
_bراندا جلال حسين :
_c1996
300 _a332ص :
_bجداول ؛
_c25سم
502 _aاطروحة(ماجستير) - جامعة القاهرة - كلية التخطيط الإقليمي والعمراني - قسم التنمية الإقليمية
700 0 _aراوية محمد عجلان :
_eمشرف
700 0 _aسامي امين عامر :
_eمشرف
700 0 _aمحمد طاهر الصادق :
_eمشرف
856 _uhttp://172.23.153.220/th.pdf
905 _aMustafa
_eRevisor
905 _aSamia
_eCataloger
942 _2ddc
_cTH
999 _c17321
_d17321